[Event "CAN-ch U08 Girls"]
[Site "Richmond Hill"]
[Date "2011.07.08"]
[Round "5"]
[White "Wong, Estella"]
[Black "Boucher, Myriam"]
[Result "1-0"]
[WhiteElo "849"]
[BlackElo "799"]
[PlyCount "69"]
[EventDate "2011.07.06"]
[EventType "swiss"]
[EventRounds "7"]
[EventCountry "CAN"]
[SourceTitle "EXT 2022"]
[Source "ChessBase"]
[SourceDate "2021.10.06"]
[SourceVersion "1"]
[SourceVersionDate "2021.10.06"]
[SourceQuality "1"]

1. d4 e6 2. c4 d5 3. cxd5 exd5 4. Nc3 Nf6 5. Bg5 Nc6 6. Nf3 Bb4 7. Rc1 0-0 8. e3 Bg4 9. Bd3 a5 10. 0-0 b6 11. a3 Bd6 12. h3 Be6 13. Re1 Bc8 14. Nxd5 Qd7 15. Bxf6 Qe8 16. Bb5 Bf5 17. Bxc6 Qb8 18. Bxa8 Qxa8 19. e4 c6 20. Be7 Re8 21. Bxd6 Bg6 22. Nc7 Qd8 23. Nxe8 Qxe8 24. Qc2 b5 25. Qxc6 Qxc6 26. Rxc6 h6 27. Nh4 Bh5 28. g4 Bxg4 29. hxg4 b4 30. axb4 axb4 31. Bxb4 g5 32. Nf3 f6 33. Rc7 f5 34. Ra1 fxe4 35. Ra8# 1-0